[Event "Dieren op"]
[Site "Dieren"]
[Date "2023.08.01"]
[Round "7"]
[White "Otten, Martijn"]
[Black "Decrop, Hendrik"]
[Result "1/2-1/2"]
[WhiteElo "2166"]
[BlackElo "2033"]
[PlyCount "124"]
[EventDate "2023.07.25"]
[EventType "swiss"]
[EventRounds "9"]
[EventCountry "NED"]
[SourceTitle "CBM 215 Extra"]
[Source "ChessBase"]
[SourceDate "2023.09.30"]
[SourceVersion "1"]
[SourceVersionDate "2023.09.30"]
[SourceQuality "1"]

1. d4 d5 2. c4 c6 3. Nc3 Nf6 4. e3 e6 5. Nf3 Nbd7 6. Bd3 dxc4 7. Bxc4 b5 8. Bd3 Bb7 9. e4 b4 10. Na4 c5 11. e5 Nd5 12. 0-0 cxd4 13. Nxd4 Nxe5 14. Bb5+ Nd7 15. Re1 Rc8 16. Qh5 g6 17. Qe2 a6 18. Bxa6 Bxa6 19. Qxa6 Bg7 20. Bg5 Nc7 21. Qb7 Rb8 22. Bxd8 Rxb7 23. Nc6 Nd5 24. Rad1 0-0 25. b3 Nb8 26. Nxb8 Rxd8 27. Na6 Rc8 28. Kf1 Nc3 29. Rc1 Bd4 30. Red1 e5 31. Rd3 Ra8 32. N6c5 Rb5 33. Nxc3 Rxc5 34. Ne2 Rxa2 35. Rxd4 exd4 36. Rxc5 d3 37. Rc1 dxe2+ 38. Ke1 Rb2 39. Rc4 Rxb3 40. Kxe2 Rb2+ 41. Kf3 Kg7 42. Rc6 h5 43. h4 Rb3+ 44. Kf4 Rc3 45. Rb6 Rc4+ 46. Kg3 Kf8 47. Rb7 Ke8 48. f3 Rd4 49. Kh3 f6 50. g4 hxg4+ 51. fxg4 Rd3+ 52. Kg2 b3 53. h5 gxh5 54. gxh5 Kf8 55. h6 Kg8 56. Kf2 Rh3 57. Kg2 Rc3 58. Kf2 Rc2+ 59. Ke3 Rh2 60. Ke4 Rb2 61. Kf5 Rb1 62. Kg6 Rg1+ 1/2-1/2

[Event "Ghent op-B 44th"]
[Site "Ghent"]
[Date "2023.07.18"]
[Round "7"]
[White "Decrop, Hendrik"]
[Black "Goudriaan, Etienne"]
[Result "0-1"]
[WhiteElo "2033"]
[BlackElo "2322"]
[PlyCount "54"]
[EventDate "2023.07.11"]
[EventType "swiss"]
[EventRounds "9"]
[EventCountry "BEL"]
[SourceTitle "EXT 2024"]
[Source "ChessBase"]
[SourceDate "2023.10.10"]
[SourceVersion "1"]
[SourceVersionDate "2023.10.10"]
[SourceQuality "1"]

1. e4 c6 2. d4 d5 3. e5 c5 4. dxc5 e6 5. a3 Nd7 6. b4 b6 7. cxb6 a5 8. b5 Nxe5 9. Bb2 Ng6 10. c4 Nf6 11. Nf3 Bc5 12. cxd5 0-0 13. Be2 Nxd5 14. 0-0 Qxb6 15. Nc3 Nxc3 16. Bxc3 Rd8 17. Qa4 Rd5 18. Nd2 Rf5 19. Ne4 Bb7 20. Nxc5 Qxc5 21. Bd4 Qd5 22. f3 Nf4 23. Rf2 Nxe2+ 24. Rxe2 Rf4 25. Rd1 e5 26. Bxe5 Rxa4 27. Rxd5 Bxd5 0-1

[Event "BEL-chT 2223"]
[Site "Belgium"]
[Date "2022.10.16"]
[Round "2.8"]
[White "Decrop, Hendrik"]
[Black "Steen, Pieter"]
[Result "0-1"]
[WhiteElo "2057"]
[BlackElo "2059"]
[PlyCount "100"]
[EventDate "2022.09.25"]
[EventType "team-tourn"]
[EventRounds "11"]
[EventCountry "BEL"]
[SourceTitle "EXT 2024"]
[Source "ChessBase"]
[SourceDate "2023.10.10"]
[SourceVersion "1"]
[SourceVersionDate "2023.10.10"]
[SourceQuality "1"]
[WhiteTeam "Oostende"]
[BlackTeam "Brasschaat"]
[WhiteTeamCountry "BEL"]
[BlackTeamCountry "BEL"]

1. e4 d6 2. d4 Nf6 3. Nc3 Nbd7 4. Nf3 e5 5. Bc4 Be7 6. 0-0 0-0 7. Re1 c6 8. a4 h6 9. a5 Qc7 10. Ba2 Re8 11. Nh4 Nf8 12. dxe5 dxe5 13. Qf3 Be6 14. Bxe6 Nxe6 15. Nf5 Kh7 16. Qh3 Ng8 17. Qg3 Bf8 18. Be3 g6 19. Nh4 Nf6 20. Nf3 Nh5 21. Qh4 Be7 22. Qg4 Nf6 23. Qh3 Nh5 24. g3 Bf6 25. Ra4 Bg7 26. Rd1 b5 27. axb6 axb6 28. Rda1 Rxa4 29. Rxa4 Rd8 30. Ne2 Rd7 31. c3 Qd6 32. Qf1 b5 33. Ra1 Nf6 34. Qb1 Nc5 35. Bxc5 Qxc5 36. b4 Qd6 37. Qc2 Ng4 38. h3 Nf6 39. Kg2 Ne8 40. Ra8 Nc7 41. Ra7 c5 42. bxc5 Qxc5 43. Qa2 Qc6 44. Qb1 Qc4 45. Kf1 Qc5 46. Rb7 Qc4 47. Ra7 Rd6 48. Ne1 Rd2 49. Nd3 Qxe4 50. Qe1 Qxd3 0-1

[Event "Geraardsbergen op 37th"]
[Site "Geraardsbergen"]
[Date "2022.08.10"]
[Round "8"]
[White "Decrop, Hendrik"]
[Black "Dreelinck, Jacob"]
[Result "1-0"]
[WhiteElo "1981"]
[BlackElo "2107"]
[PlyCount "101"]
[EventDate "2022.08.07"]
[EventType "swiss"]
[EventRounds "9"]
[EventCountry "BEL"]
[SourceTitle "CBM 209 Extra"]
[Source "ChessBase"]
[SourceDate "2022.09.30"]
[SourceVersion "1"]
[SourceVersionDate "2022.09.30"]
[SourceQuality "1"]

1. e4 e6 2. d4 d5 3. Nd2 Nf6 4. e5 Nfd7 5. Bd3 c5 6. c3 Nc6 7. Ne2 cxd4 8. cxd4 f6 9. Nf4 Nxd4 10. Qh5+ Ke7 11. exf6+ Nxf6 12. Ng6+ hxg6 13. Qxh8 Kf7 14. 0-0 e5 15. Nb3 Ne6 16. Be3 Bd7 17. Qh4 Bc6 18. f3 a5 19. Qg3 a4 20. Bxg6+ Ke7 21. Nc5 Qd6 22. Nd3 Bb5 23. Rfe1 Bxd3 24. Bxd3 Kf7 25. Bg6+ Kg8 26. Kh1 Be7 27. Bd2 Nd7 28. Bf5 Bf6 29. Qg4 Ndf8 30. Bb4 Qb6 31. Red1 Nd4 32. Bxf8 Kxf8 33. Bg6 Rd8 34. Rxd4 exd4 35. Re1 Qb4 36. Re2 Qc5 37. h4 Qc1+ 38. Kh2 Qc7+ 39. g3 d3 40. Re3 Qc2+ 41. Kh3 Qc8 42. Bf5 Qc1 43. Qb4+ Kg8 44. Be6+ Kh8 45. Qf4 Re8 46. Qf5 Bg5 47. Qxg5 Rxe6 48. Rxe6 Qc8 49. Qxd5 d2 50. Qh5+ Kg8 51. Qe8+ 1-0

[Event "Geraardsbergen op 37th"]
[Site "Geraardsbergen"]
[Date "2022.08.08"]
[Round "3"]
[White "Decrop, Hendrik"]
[Black "Doggers, Peter"]
[Result "1-0"]
[WhiteElo "1981"]
[BlackElo "2131"]
[PlyCount "23"]
[EventDate "2022.08.07"]
[EventType "swiss"]
[EventRounds "9"]
[EventCountry "BEL"]
[SourceTitle "CBM 209 Extra"]
[Source "ChessBase"]
[SourceDate "2022.09.30"]
[SourceVersion "1"]
[SourceVersionDate "2022.09.30"]
[SourceQuality "1"]

1. e4 c5 2. Nc3 Nc6 3. Nge2 Nf6 4. d4 cxd4 5. Nxd4 d6 6. Bc4 Qb6 7. Nb3 e6 8. Bf4 Ne5 9. Be2 a6 10. g4 Nxe4 11. Nxe4 Qb4+ 12. Nbd2 1-0

[Event "BEL-chT 2122"]
[Site "Belgium"]
[Date "2022.05.01"]
[Round "5.8"]
[White "Decrop, Hendrik"]
[Black "Wintgens, Jean Marc"]
[Result "1-0"]
[WhiteElo "1979"]
[BlackElo "1605"]
[PlyCount "73"]
[EventDate "2021.10.24"]
[EventType "team-tourn"]
[EventRounds "11"]
[EventCountry "BEL"]
[SourceTitle "EXT 2023"]
[Source "ChessBase"]
[SourceDate "2022.10.05"]
[SourceVersion "1"]
[SourceVersionDate "2022.10.05"]
[SourceQuality "1"]
[WhiteTeam "Oostende"]
[BlackTeam "Tal"]
[WhiteTeamCountry "BEL"]
[BlackTeamCountry "BEL"]

1. e4 d6 2. d4 Nf6 3. Nc3 g6 4. Be3 Bg7 5. Qd2 c6 6. Bh6 0-0 7. Bxg7 Kxg7 8. Nf3 Qc7 9. Bd3 Nbd7 10. Ne2 e5 11. 0-0 Nh5 12. c3 Ndf6 13. h3 h6 14. g4 Nxg4 15. hxg4 Bxg4 16. Nh4 Qe7 17. Ng2 f5 18. Ng3 f4 19. Nxh5+ gxh5 20. f3 Bh3 21. Kh2 Bd7 22. Qf2 Kh7 23. Nh4 Rg8 24. Rg1 Rg3 25. Nf5 Bxf5 26. Rxg3 Qh4+ 27. Kg2 fxg3 28. Qxg3 Qxg3+ 29. Kxg3 Rg8+ 30. Kh2 Be6 31. Rf1 h4 32. f4 h3 33. f5 Rg2+ 34. Kxh3 Rg8 35. fxe6 Re8 36. d5 c5 37. Bb5 1-0

[Event "BEL-chT 2122"]
[Site "Belgium"]
[Date "2022.02.20"]
[Round "8.8"]
[White "Decrop, Hendrik"]
[Black "Goossens, Etienne"]
[Result "1/2-1/2"]
[WhiteElo "1963"]
[BlackElo "2224"]
[PlyCount "117"]
[EventDate "2021.10.24"]
[EventType "team-tourn"]
[EventRounds "11"]
[EventCountry "BEL"]
[SourceTitle "EXT 2023"]
[Source "ChessBase"]
[SourceDate "2022.10.05"]
[SourceVersion "1"]
[SourceVersionDate "2022.10.05"]
[SourceQuality "1"]
[WhiteTeam "Oostende"]
[BlackTeam "Liege Crelel"]
[WhiteTeamCountry "BEL"]
[BlackTeamCountry "BEL"]

1. e4 e5 2. Nf3 Nc6 3. Bc4 Bc5 4. c3 Nf6 5. d4 exd4 6. e5 d5 7. Bb5 Ne4 8. cxd4 Bb4+ 9. Nbd2 0-0 10. 0-0 Bg4 11. Qa4 Nxd4 12. Qxb4 Nc2 13. Qa4 Nxa1 14. Nxe4 dxe4 15. Qxe4 Bh5 16. Qb1 Bxf3 17. gxf3 Qd5 18. Be2 Qxe5 19. Be3 f5 20. f4 Qe8 21. Qxa1 Qg6+ 22. Kh1 Qc6+ 23. f3 Rae8 24. Rc1 Qh6 25. Rc3 b6 26. b4 Kh8 27. Qc1 Qd6 28. b5 Re7 29. Bc4 Rfe8 30. Bd2 Qd4 31. Rd3 Qf2 32. Qg1 Qh4 33. Re3 Qxf4 34. Qxg7+ Kxg7 35. Rxe7+ Rxe7 36. Bxf4 Kf6 37. Kg2 Rd7 38. Be3 f4 39. Bc1 Kg5 40. Bb3 Rd4 41. Ba3 Rd2+ 42. Kg1 Re2 43. Bb4 Kh4 44. Bc4 Re5 45. Bd2 Rc5 46. Be6 Kg5 47. h4+ Kxh4 48. Bxf4 Rxb5 49. Bxc7 Rc5 50. Bb8 a5 51. Kf2 b5 52. f4 a4 53. Bd6 Rc6 54. Be7+ Kh5 55. f5 Kg4 56. f6+ Rxe6 57. f7 Re5 58. f8Q Rf5+ 59. Ke3 1/2-1/2

[Event "BEL-ch U18"]
[Site "Blankenberge"]
[Date "2017.04.15"]
[Round "9"]
[White "Decrop, Hendrik"]
[Black "Jamar, Vadim"]
[Result "1-0"]
[WhiteElo "1917"]
[BlackElo "1953"]
[PlyCount "85"]
[EventDate "2017.04.09"]
[EventType "swiss"]
[EventRounds "9"]
[EventCountry "BEL"]
[SourceTitle "CBM 178 Extra"]
[Source "ChessBase"]
[SourceDate "2017.06.22"]
[SourceVersion "1"]
[SourceVersionDate "2017.06.22"]
[SourceQuality "1"]

1. e4 c5 2. Nf3 e6 3. d4 cxd4 4. Nxd4 Nc6 5. Nc3 Qc7 6. Be3 a6 7. Qd2 Nf6 8. f3 Be7 9. 0-0-0 b5 10. g4 Nxd4 11. Bxd4 Bb7 12. g5 Nh5 13. Ne2 Rc8 14. h4 0-0 15. Bh3 Bd6 16. Be3 f5 17. gxf6 Rxf6 18. Bg4 Nf4 19. Nxf4 Bxf4 20. Bxf4 Rxf4 21. Rhg1 Bc6 22. Rg2 Qe5 23. Rdg1 Rcf8 24. c3 h5 25. Bxh5 Qxh5 26. Rxg7+ Kh8 27. Qg2 R4f7 28. Kb1 Bxe4+ 29. fxe4 Rf1+ 30. Rxf1 Rxf1+ 31. Qxf1 Kxg7 32. Qd3 d5 33. exd5 exd5 34. Qd4+ Kf7 35. Kc2 Qe2+ 36. Kb3 Ke6 37. Ka3 Kd6 38. Qb6+ Ke5 39. Qc7+ Ke6 40. Qc6+ Ke7 41. Qxd5 Qf1 42. b3 Ke8 43. Kb4 1-0

[Event "BEL-ch U18"]
[Site "Blankenberge"]
[Date "2017.04.12"]
[Round "5"]
[White "Decrop, Hendrik"]
[Black "Pauwels, Xander"]
[Result "0-1"]
[WhiteElo "1917"]
[BlackElo "2064"]
[PlyCount "50"]
[EventDate "2017.04.09"]
[EventType "swiss"]
[EventRounds "9"]
[EventCountry "BEL"]
[SourceTitle "CBM 178 Extra"]
[Source "ChessBase"]
[SourceDate "2017.06.22"]
[SourceVersion "1"]
[SourceVersionDate "2017.06.22"]
[SourceQuality "1"]

1. e4 c5 2. Nf3 d6 3. d4 cxd4 4. Nxd4 Nf6 5. Nc3 a6 6. Be3 e5 7. Nb3 Be7 8. f3 Be6 9. Qd2 Nbd7 10. 0-0-0 b5 11. Nd5 Bxd5 12. exd5 Nb6 13. Bxb6 Qxb6 14. Na5 Rc8 15. Nb3 b4 16. Qd3 Ra8 17. g4 0-0 18. h4 a5 19. Kb1 a4 20. Nd2 Rfc8 21. Nc4 Qa7 22. h5 a3 23. b3 Rc5 24. Qf5 Rxd5 25. Bd3 e4 0-1

[Event "Bruges Masters op"]
[Site "Bruges"]
[Date "2015.08.26"]
[Round "6"]
[White "Boucquet, Emile"]
[Black "Decrop, Hendrik"]
[Result "0-1"]
[WhiteElo "2161"]
[BlackElo "1943"]
[PlyCount "30"]
[EventDate "2015.08.24"]
[EventType "swiss"]
[EventRounds "9"]
[EventCountry "BEL"]
[SourceTitle "EXT 2016"]
[Source "ChessBase"]
[SourceDate "2015.10.08"]
[SourceVersion "1"]
[SourceVersionDate "2015.10.08"]
[SourceQuality "1"]

1. d4 Nf6 2. c4 g6 3. Nc3 Bg7 4. e4 d6 5. f3 0-0 6. Be3 c5 7. Nge2 cxd4 8. Nxd4 Nc6 9. Be2 Bd7 10. 0-0 Nxd4 11. Bxd4 a5 12. Qd2 Bc6 13. Rad1 Nd7 14. f4 Nc5 15. e5 Ne6 0-1

[Event "Brasschaat op 15th"]
[Site "Brasschaat"]
[Date "2015.08.21"]
[Round "7"]
[White "Decrop, Hendrik"]
[Black "Van Mechelen, Jan"]
[Result "1-0"]
[WhiteElo "1943"]
[BlackElo "2243"]
[PlyCount "49"]
[EventDate "2015.08.15"]
[EventType "swiss"]
[EventRounds "9"]
[EventCountry "BEL"]
[SourceTitle "EXT 2016"]
[Source "ChessBase"]
[SourceDate "2015.10.08"]
[SourceVersion "1"]
[SourceVersionDate "2015.10.08"]
[SourceQuality "1"]

1. e4 c5 2. Nf3 e6 3. d4 cxd4 4. Nxd4 Nc6 5. Nc3 Qc7 6. Be3 a6 7. Qd2 Nf6 8. f3 Bb4 9. a3 Be7 10. 0-0-0 b5 11. g4 0-0 12. h4 b4 13. axb4 Bxb4 14. h5 d6 15. g5 Nd7 16. g6 Nc5 17. Nxc6 Qxc6 18. h6 fxg6 19. Qd4 Qb7 20. hxg7 Rf7 21. Bc4 Rxg7 22. Nd5 Rb8 23. Nf6+ Kf7 24. Nxh7 Ba5 25. Qf6+ 1-0

[Event "Brasschaat op 15th"]
[Site "Brasschaat"]
[Date "2015.08.17"]
[Round "3"]
[White "Vajda, Levente"]
[Black "Decrop, Hendrik"]
[Result "1-0"]
[WhiteElo "2572"]
[BlackElo "1943"]
[PlyCount "69"]
[EventDate "2015.08.15"]
[EventType "swiss"]
[EventRounds "9"]
[EventCountry "BEL"]
[SourceTitle "EXT 2016"]
[Source "ChessBase"]
[SourceDate "2015.10.08"]
[SourceVersion "1"]
[SourceVersionDate "2015.10.08"]
[SourceQuality "1"]

1. Nf3 Nf6 2. g3 d5 3. Bg2 c6 4. 0-0 Bg4 5. d3 Nbd7 6. Nbd2 e5 7. h3 Bh5 8. e4 Bd6 9. Qe1 0-0 10. Nh4 Re8 11. Nb3 dxe4 12. dxe4 Nb6 13. Bg5 Na4 14. Nf5 Nxb2 15. Na5 Bf8 16. Rb1 Na4 17. Rxb7 Re6 18. g4 Bg6 19. Nc4 Qc8 20. Rb1 Nd7 21. Qa5 Nab6 22. Nb2 Nc5 23. Rfd1 f6 24. Be3 Nb7 25. Qc3 Nd6 26. a4 Bf7 27. a5 Nd7 28. Na4 Qc7 29. Rd3 Be8 30. Rbd1 Rd8 31. Bc5 Nb5 32. Qc4 Bf7 33. Bxf8 Kxf8 34. Qb4+ Kg8 35. Nc5 1-0

[Event "BEL-ch U16"]
[Site "Blankenberge"]
[Date "2015.04.15"]
[Round "5"]
[White "Hammers, Michael"]
[Black "Decrop, Hendrik"]
[Result "0-1"]
[WhiteElo "1707"]
[BlackElo "1960"]
[PlyCount "56"]
[EventDate "2015.04.12"]
[EventType "swiss"]
[EventRounds "9"]
[EventCountry "BEL"]
[SourceTitle "CBM 166 Extra"]
[Source "ChessBase"]
[SourceDate "2015.06.18"]
[SourceVersion "1"]
[SourceVersionDate "2015.06.18"]
[SourceQuality "1"]

1. e4 c5 2. Nf3 d6 3. d4 cxd4 4. Nxd4 Nf6 5. Nc3 g6 6. Be3 Bg7 7. f3 0-0 8. Qd2 Nc6 9. 0-0-0 Bd7 10. g4 Rc8 11. h4 Ne5 12. h5 Nc4 13. Bxc4 Rxc4 14. Nd5 Nxd5 15. exd5 Ra4 16. a3 Qb6 17. Nb3 Qa6 18. Qh2 g5 19. Bxg5 Bb5 20. Bxe7 Be5 21. Qf2 Rxa3 22. bxa3 Qxa3+ 23. Kd2 Bf4+ 24. Ke1 Qb4+ 25. Nd2 Re8 26. Qh4 Bg3+ 27. Qxg3 Rxe7+ 28. Kf2 Re2+ 0-1

[Event "BEL-ch U16"]
[Site "Blankenberge"]
[Date "2015.04.14"]
[Round "4"]
[White "Decrop, Hendrik"]
[Black "Paquay, Noah"]
[Result "1-0"]
[WhiteElo "1960"]
[BlackElo "1578"]
[PlyCount "53"]
[EventDate "2015.04.12"]
[EventType "swiss"]
[EventRounds "9"]
[EventCountry "BEL"]
[SourceTitle "CBM 166 Extra"]
[Source "ChessBase"]
[SourceDate "2015.06.18"]
[SourceVersion "1"]
[SourceVersionDate "2015.06.18"]
[SourceQuality "1"]

1. e4 e6 2. d4 d5 3. Nd2 Nf6 4. e5 Nfd7 5. Bd3 c5 6. c3 Nc6 7. Ne2 Qb6 8. Nf3 cxd4 9. cxd4 f6 10. exf6 Nxf6 11. Nc3 Bd6 12. 0-0 0-0 13. a3 Bd7 14. Be3 Rfe8 15. b4 Qd8 16. Qb3 Rc8 17. Rfe1 a6 18. Rad1 Qc7 19. Rc1 Qd8 20. Bg5 b5 21. Bb1 Qb6 22. Bxf6 gxf6 23. Nxd5 exd5 24. Qxd5+ Kg7 25. Qxd6 Qb7 26. Qg3+ Kh8 27. Qh4 1-0

[Event "BEL-ch U16"]
[Site "Blankenberge"]
[Date "2014.04.17"]
[Round "7"]
[White "Deschepper, Simon"]
[Black "Decrop, Hendrik"]
[Result "0-1"]
[WhiteElo "1550"]
[BlackElo "1817"]
[PlyCount "70"]
[EventDate "2014.04.??"]
[EventType "swiss"]
[EventRounds "9"]
[EventCountry "BEL"]
[SourceTitle "EXT 2015"]
[Source "ChessBase"]
[SourceDate "2014.11.20"]
[SourceVersion "1"]
[SourceVersionDate "2014.11.20"]
[SourceQuality "1"]

1. d4 Nf6 2. c4 g6 3. Nc3 Bg7 4. Nf3 d6 5. e4 0-0 6. Be2 e5 7. d5 Nbd7 8. 0-0 h6 9. Ne1 Ne8 10. Be3 f5 11. f3 f4 12. Bf2 Ndf6 13. b4 Rf7 14. Rb1 Bf8 15. c5 g5 16. c6 b6 17. b5 Rg7 18. Kh1 g4 19. Bh4 g3 20. h3 Qe7 21. Rg1 Qf7 22. Bxf6 Nxf6 23. Bf1 Qh5 24. Qe2 Nh7 25. Nd1 Be7 26. Nd3 Ng5 27. N1f2 gxf2 28. Nxf2 Nh7 29. Nd3 Bh4 30. Qd1 Ng5 31. Rb2 Bg3 32. Nf2 Bxf2 33. Rxf2 Nxe4 34. Rb2 Ng3+ 35. Kh2 e4 0-1

[Event "BEL-ch U16"]
[Site "Blankenberge"]
[Date "2014.04.16"]
[Round "5"]
[White "Slagter, Maxim"]
[Black "Decrop, Hendrik"]
[Result "1-0"]
[WhiteElo "1496"]
[BlackElo "1817"]
[PlyCount "39"]
[EventDate "2014.04.??"]
[EventType "swiss"]
[EventRounds "9"]
[EventCountry "BEL"]
[SourceTitle "EXT 2015"]
[Source "ChessBase"]
[SourceDate "2014.11.20"]
[SourceVersion "1"]
[SourceVersionDate "2014.11.20"]
[SourceQuality "1"]

1. e4 c5 2. Nf3 d6 3. d4 cxd4 4. Nxd4 Nf6 5. Nc3 g6 6. f3 Bg7 7. Be3 0-0 8. Bc4 Nc6 9. Qd2 Bd7 10. Bb3 Na5 11. 0-0-0 Rb8 12. g4 b5 13. Bh6 e5 14. Nf5 Nxb3+ 15. axb3 gxf5 16. gxf5 Ne8 17. Bxg7 Kxg7 18. Rhg1+ Kh8 19. Qh6 f6 20. Qxf8# 1-0

[Event "BEL-ch U16"]
[Site "Blankenberge"]
[Date "2014.04.15"]
[Round "4"]
[White "Decrop, Hendrik"]
[Black "Claeys, Robin"]
[Result "1-0"]
[WhiteElo "1817"]
[BlackElo "1529"]
[PlyCount "53"]
[EventDate "2014.04.??"]
[EventType "swiss"]
[EventRounds "9"]
[EventCountry "BEL"]
[SourceTitle "EXT 2015"]
[Source "ChessBase"]
[SourceDate "2014.11.20"]
[SourceVersion "1"]
[SourceVersionDate "2014.11.20"]
[SourceQuality "1"]

1. e4 e5 2. Nf3 Nc6 3. Bb5 a6 4. Ba4 Nf6 5. 0-0 Be7 6. Re1 b5 7. Bb3 0-0 8. c3 d6 9. h3 Bb7 10. d4 Na5 11. Bc2 c5 12. Nbd2 Nc6 13. Nb3 Nd7 14. Be3 c4 15. Nbd2 Qb8 16. Nf1 Bd8 17. Ng3 Bb6 18. Ng5 h6 19. Nf3 Ne7 20. Nh4 Nf6 21. dxe5 Nd7 22. Bxb6 Nxb6 23. exd6 Nc6 24. e5 Qd8 25. Nhf5 Re8 26. f4 Qd7 27. Qg4 1-0

[Event "Brasschaat op 13th"]
[Site "Brasschaat"]
[Date "2013.08.24"]
[Round "8"]
[White "Boucquet, Emile"]
[Black "Decrop, Hendrik"]
[Result "1-0"]
[WhiteElo "2055"]
[BlackElo "1790"]
[PlyCount "55"]
[EventDate "2013.08.17"]
[EventType "swiss"]
[EventRounds "9"]
[EventCountry "BEL"]
[SourceTitle "CBM 156 Extra"]
[Source "ChessBase"]
[SourceDate "2013.10.22"]
[SourceVersion "1"]
[SourceVersionDate "2013.10.22"]
[SourceQuality "1"]

1. d4 Nf6 2. c4 g6 3. Nc3 Bg7 4. e4 d6 5. f3 0-0 6. Be3 Nc6 7. Nge2 a6 8. Qd2 Rb8 9. Rc1 b5 10. cxb5 axb5 11. Nxb5 Rxb5 12. Rxc6 Bd7 13. Rc2 Rb7 14. Nf4 c6 15. Bc4 Ne8 16. Nd3 Nc7 17. Bb3 Qa8 18. 0-0 Nb5 19. Nf4 Rc8 20. h4 e5 21. dxe5 dxe5 22. Nd3 Nd4 23. Bxd4 exd4 24. Nc5 Ra7 25. f4 Bg4 26. f5 Be5 27. fxg6 hxg6 28. Qg5 1-0

[Event "BEL-ch op"]
[Site "Antwerp"]
[Date "2013.07.09"]
[Round "4"]
[White "Van Herck, Marcel"]
[Black "Decrop, Hendrik"]
[Result "1-0"]
[WhiteElo "2104"]
[BlackElo "1782"]
[PlyCount "139"]
[EventDate "2013.07.06"]
[EventType "swiss"]
[EventRounds "9"]
[EventCountry "BEL"]
[SourceTitle "CBM 155 Extra"]
[Source "ChessBase"]
[SourceDate "2013.08.26"]
[SourceVersion "1"]
[SourceVersionDate "2013.08.26"]
[SourceQuality "1"]

1. d4 Nf6 2. c4 g6 3. Nc3 Bg7 4. e4 d6 5. f3 0-0 6. Be3 Nc6 7. Qd2 Re8 8. Nge2 a6 9. Nc1 e5 10. d5 Nd4 11. Nb3 Nxb3 12. axb3 Nd7 13. b4 b6 14. Bd3 Bb7 15. 0-0 Rf8 16. g4 Qe7 17. Ne2 Nf6 18. Ng3 Rad8 19. Kg2 Bc8 20. Rh1 Kh8 21. Bg5 Kg8 22. h4 Qe8 23. Bc2 b5 24. b3 c6 25. Bd3 Bb7 26. dxc6 Qxc6 27. h5 bxc4 28. bxc4 Rd7 29. Qe2 Rb8 30. Rab1 Qc8 31. Qe3 Ra8 32. Rhc1 a5 33. b5 Qc5 34. Qxc5 dxc5 35. Be2 a4 36. Be3 Bf8 37. Ra1 Bc8 38. Ra3 Rd8 39. Rca1 Nd7 40. Rxa4 Rxa4 41. Rxa4 Nb6 42. Ra7 Be6 43. Rc7 Rc8 44. Rxc8 Nxc8 45. Nf1 Nb6 46. Nd2 gxh5 47. gxh5 Be7 48. Nb3 Na4 49. Kg3 f6 50. Bf1 Kf7 51. f4 Ke8 52. fxe5 fxe5 53. Nd2 Nb6 54. Bh6 Bf6 55. Kf3 Ke7 56. Ke3 Kd6 57. Be2 Bf7 58. Kd3 Kc7 59. Kc3 Nd7 60. Nf1 Bh4 61. Bf3 Bf2 62. Ne3 Bxe3 63. Bxe3 Kb6 64. Bg5 Be6 65. h6 Kc7 66. Bh5 Kb7 67. Bg6 Nf8 68. Bf5 Bf7 69. Be7 Ne6 70. Bxh7 1-0

[Event "BEL-ch op"]
[Site "Antwerp"]
[Date "2013.07.06"]
[Round "1"]
[White "Decrop, Hendrik"]
[Black "Bomans, Arno"]
[Result "0-1"]
[WhiteElo "1782"]
[BlackElo "2204"]
[PlyCount "116"]
[EventDate "2013.07.06"]
[EventType "swiss"]
[EventRounds "9"]
[EventCountry "BEL"]
[SourceTitle "CBM 155 Extra"]
[Source "ChessBase"]
[SourceDate "2013.08.26"]
[SourceVersion "1"]
[SourceVersionDate "2013.08.26"]
[SourceQuality "1"]

1. e4 e5 2. Nf3 Nc6 3. Bb5 a6 4. Ba4 Nf6 5. 0-0 Be7 6. Re1 b5 7. Bb3 d6 8. c3 0-0 9. h3 Na5 10. Bc2 c5 11. d4 Qc7 12. d5 Nb7 13. Nbd2 c4 14. Nf1 Nc5 15. Ng3 Re8 16. Nh4 g6 17. Nf3 Bd7 18. Qe2 a5 19. Bg5 Rab8 20. Rab1 Rec8 21. Rec1 Qd8 22. Nd2 Nfxe4 23. Ngxe4 Bxg5 24. Nxd6 Rc7 25. Rd1 Bxd2 26. Rxd2 Qf6 27. Ne4 Nxe4 28. Bxe4 Qd6 29. Re1 Rc5 30. g4 f6 31. Red1 Kg7 32. Qe3 Rh8 33. Qg3 Bc8 34. Kf1 Rd8 35. Kg1 Kh8 36. Qh4 Rg8 37. Kf1 b4 38. Qh6 Rb5 39. Ke1 Rb6 40. Kf1 Bd7 41. cxb4 axb4 42. Rc1 Bb5 43. Ke1 f5 44. Bf3 e4 45. Be2 c3 46. bxc3 bxc3 47. Rxc3 Bxe2 48. Kxe2 Rb1 49. Qe3 Qa6+ 50. Rdd3 Qxa2+ 51. Rd2 Qa6+ 52. Rdd3 exd3+ 53. Kf3 fxg4+ 54. Kg2 gxh3+ 55. Kxh3 Qf6 56. Rxd3 Rf8 57. d6 Rb7 58. d7 Rxd7 0-1

[Event "Brasschaat op 12th"]
[Site "Brasschaat"]
[Date "2012.08.22"]
[Round "5"]
[White "Wijgers, Toon"]
[Black "Decrop, Hendrik"]
[Result "1-0"]
[WhiteElo "1928"]
[BlackElo "1748"]
[PlyCount "89"]
[EventDate "2012.08.18"]
[EventType "swiss"]
[EventRounds "9"]
[EventCountry "BEL"]
[SourceTitle "EXT 2017"]
[Source "ChessBase"]
[SourceDate "2016.10.25"]
[SourceVersion "1"]
[SourceVersionDate "2016.10.25"]
[SourceQuality "1"]

1. e4 c5 2. Nf3 d6 3. Bc4 Nf6 4. d3 g6 5. 0-0 Bg7 6. Re1 Bg4 7. e5 dxe5 8. Bxf7+ Kxf7 9. Nxe5+ Kg8 10. Nxg4 h5 11. Ne5 Qe8 12. Nc3 Kh7 13. Bg5 Nbd7 14. Qe2 Nf8 15. Nf3 e6 16. Bf4 Qc6 17. Rad1 Nd5 18. Nxd5 exd5 19. Ng5+ Kg8 20. Qe7 Qf6 21. Qxb7 Rd8 22. Be5 Rd7 23. Qxd7 Nxd7 24. Bxf6 Bxf6 25. Re8+ Kg7 26. Rxh8 Kxh8 27. Nf3 Kg7 28. d4 cxd4 29. Nxd4 Nb6 30. b3 Kf7 31. a4 a5 32. Rd3 Bxd4 33. Rxd4 g5 34. f4 g4 35. Kf2 Ke6 36. Ke3 h4 37. g3 hxg3 38. hxg3 Nc8 39. f5+ Ke5 40. Rxg4 Kxf5 41. Rh4 Ne7 42. Kd4 Ke6 43. Rh6+ Kf5 44. Rh7 Ke6 45. Rxe7+ 1-0

[Event "Brasschaat op 12th"]
[Site "Brasschaat"]
[Date "2012.08.18"]
[Round "1"]
[White "Van Riemsdijk, Herman Claudius"]
[Black "Decrop, Hendrik"]
[Result "1-0"]
[WhiteElo "2404"]
[BlackElo "1748"]
[PlyCount "37"]
[EventDate "2012.08.18"]
[EventType "swiss"]
[EventRounds "9"]
[EventCountry "BEL"]
[SourceTitle "CBM 150 Extra"]
[Source "ChessBase"]
[SourceDate "2012.10.19"]
[SourceVersion "1"]
[SourceVersionDate "2012.10.19"]
[SourceQuality "1"]

1. e4 c5 2. Nf3 d6 3. d4 cxd4 4. Nxd4 Nf6 5. Nc3 g6 6. Be3 Bg7 7. f3 0-0 8. Qd2 Nc6 9. 0-0-0 Nxd4 10. Bxd4 Be6 11. Kb1 Qc7 12. h4 h5 13. g4 hxg4 14. h5 Nxh5 15. Bxg7 Kxg7 16. Rxh5 gxh5 17. Qg5+ Kh7 18. Qxh5+ Kg7 19. Qg5+ 1-0